000 00269nam a2200109Ia 4500
008 190912s9999||||xx |||||||||||||| ||und||
100 _aLongman
245 0 _aDictionary of English Language and Culture
260 _aEngland
_bDorling
_c1992
300 _a1528
942 _cBK
999 _c7073
_d7073